| 000 | 00383nam a22001337a 4500 | ||
|---|---|---|---|
| 008 | 230606b xxu||||| |||| 00| 0 eng d | ||
| 020 | _a9789966021007 | ||
| 082 |
_a341.249 _2KON |
||
| 245 |
_aKonrad Adenauer Stiftung _bAfrican Law Study Library |
||
| 260 |
_aNairobi,Kenya _bRule of Law Program for Sub-Saharan Africa _cJuly,2010 |
||
| 300 | _aIII,47p | ||
| 440 | _v4 | ||
| 942 |
_2ddc _cBK |
||
| 999 |
_c523 _d523 |
||